[Event "Grand Swiss "]
[Date "2025.09.15"]
[White "Sevian, Samuel"]
[Black "Predke, Alexandr"]
[WhiteElo "2692"]
[BlackElo "2609"]
[Round "11.11.13"]
[Result "1-0"]

1. e4 {[%clk 01:40:52] [%emt 00:00:07]} e5 {[%clk 01:39:56] [%emt 00:01:05]} 2.
Nf3 {[%clk 01:41:09] [%emt 00:00:13]} Nc6 {[%clk 01:40:20] [%emt 00:00:06]} 3.
Bc4 {[%clk 01:41:15] [%emt 00:00:24]} Nf6 {[%clk 01:40:43] [%emt 00:00:06]} 4.
d3 {[%clk 01:40:48] [%emt 00:00:58]} Bc5 {[%clk 01:39:38] [%emt 00:01:34]} 5.
O-O {[%clk 01:40:10] [%emt 00:01:09]} d6 {[%clk 01:38:52] [%emt 00:01:15]} 6. c3
{[%clk 01:39:53] [%emt 00:00:47]} a6 {[%clk 01:38:11] [%emt 00:01:12]} 7. Bg5
{[%clk 01:38:23] [%emt 00:02:00]} h6 {[%clk 01:38:05] [%emt 00:00:36]} 8. Bh4
{[%clk 01:38:48] [%emt 00:00:06]} Ba7 {[%clk 01:37:32] [%emt 00:01:02]} 9. Nbd2
{[%clk 01:39:11] [%emt 00:00:07]} Qe7 {[%clk 01:31:00] [%emt 00:07:02]} 10. a4
{[%clk 01:38:37] [%emt 00:01:04]} Be6 {[%clk 01:30:30] [%emt 00:00:59]} 11. b4
{[%clk 01:36:23] [%emt 00:02:44]} O-O {[%clk 01:27:19] [%emt 00:03:40]} 12. Re1
{[%clk 01:01:00] [%emt 00:35:53]} Bxc4 {[%clk 01:26:22] [%emt 00:01:28]} 13.
Nxc4 {[%clk 01:01:15] [%emt 00:00:16]} Qe6 {[%clk 01:26:46] [%emt 00:00:05]} 14.
b5 {[%clk 01:01:11] [%emt 00:00:35]} axb5 {[%clk 01:22:17] [%emt 00:04:59]} 15.
axb5 {[%clk 00:59:41] [%emt 00:02:00]} Ne7 {[%clk 01:22:42] [%emt 00:00:05]} 16.
Bxf6 {[%clk 00:59:06] [%emt 00:01:05]} Qxf6 {[%clk 01:23:02] [%emt 00:00:10]}
17. d4 {[%clk 00:59:32] [%emt 00:00:04]} Ng6 {[%clk 01:10:02] [%emt 00:13:30]}
18. Ne3 {[%clk 00:57:05] [%emt 00:02:57]} Bb6 {[%clk 01:07:51] [%emt 00:02:41]}
19. Nd5 {[%clk 00:51:32] [%emt 00:06:02]} Qe6 {[%clk 01:07:51] [%emt 00:00:30]}
20. c4 {[%clk 00:43:42] [%emt 00:08:20]} Rxa1 {[%clk 01:02:02] [%emt 00:06:19]}
21. Qxa1 {[%clk 00:43:08] [%emt 00:01:04]} Bxd4 {[%clk 01:02:24] [%emt
00:00:08]} 22. Nxd4 {[%clk 00:43:28] [%emt 00:00:11]} exd4 {[%clk 01:02:50]
[%emt 00:00:04]} 23. Qxd4 {[%clk 00:43:07] [%emt 00:00:51]} c6 {[%clk 00:55:05]
[%emt 00:08:15]} 24. Ne3 {[%clk 00:41:53] [%emt 00:01:44]} Ne7 {[%clk 00:52:59]
[%emt 00:02:36]} 25. Rd1 {[%clk 00:35:05] [%emt 00:07:18]} Rd8 {[%clk 00:41:03]
[%emt 00:12:26]} 26. g3 {[%clk 00:26:37] [%emt 00:08:58]} cxb5 {[%clk 00:28:07]
[%emt 00:13:27]} 27. cxb5 {[%clk 00:25:52] [%emt 00:01:16]} Rc8 {[%clk 00:28:34]
[%emt 00:00:02]} 28. h4 {[%clk 00:15:27] [%emt 00:10:55]} h5 {[%clk 00:20:46]
[%emt 00:08:18]} 29. Qxd6 {[%clk 00:11:46] [%emt 00:04:12]} Qxe4 {[%clk
00:21:11] [%emt 00:00:05]} 30. Qd7 {[%clk 00:11:45] [%emt 00:00:31]} Ra8 {[%clk
00:19:36] [%emt 00:02:05]} 31. Nd5 {[%clk 00:06:57] [%emt 00:05:19]} Nxd5 {[%clk
00:13:15] [%emt 00:06:50]} 32. Qxd5 {[%clk 00:07:22] [%emt 00:00:05]} Qxd5
{[%clk 00:10:44] [%emt 00:03:01]} 33. Rxd5 {[%clk 00:07:49] [%emt 00:00:03]} g6
{[%clk 00:10:52] [%emt 00:00:22]} 34. Rd7 {[%clk 00:07:43] [%emt 00:00:36]} Ra3
{[%clk 00:06:33] [%emt 00:04:49]} 35. Rxb7 {[%clk 00:07:56] [%emt 00:00:18]} Rb3
{[%clk 00:07:01] [%emt 00:00:02]} 36. Kf1 {[%clk 00:07:44] [%emt 00:00:42]} Rb2
{[%clk 00:07:26] [%emt 00:00:05]} 37. Kg2 {[%clk 00:08:10] [%emt 00:00:04]} Rb3
{[%clk 00:07:54] [%emt 00:00:02]} 38. Kf1 {[%clk 00:05:47] [%emt 00:02:53]} Rb2
{[%clk 00:08:20] [%emt 00:00:04]} 39. Ke1 {[%clk 00:01:44] [%emt 00:04:33]} Kg7
{[%clk 00:07:56] [%emt 00:00:54]} 40. Rb6 {[%clk 00:01:17] [%emt 00:00:58]} Kf8
{[%clk 00:06:07] [%emt 00:02:18]} 41. Rb7 {[%clk 00:49:44] [%emt 00:02:03]} Kg7
{[%clk 00:53:47] [%emt 00:02:50]} 42. b6 {[%clk 00:30:35] [%emt 00:19:39]} Kf6
{[%clk 00:54:00] [%emt 00:00:17]} 43. Rb8 {[%clk 00:29:34] [%emt 00:01:31]} g5
{[%clk 00:46:04] [%emt 00:08:26]} 44. hxg5+ {[%clk 00:23:52] [%emt 00:06:13]}
Kxg5 {[%clk 00:46:18] [%emt 00:00:16]} 45. f3 {[%clk 00:22:32] [%emt 00:01:50]}
Kf6 {[%clk 00:24:24] [%emt 00:22:24]} 46. Kd1 {[%clk 00:22:50] [%emt 00:00:11]}
Ke7 {[%clk 00:24:07] [%emt 00:00:47]} 47. Kc1 {[%clk 00:22:40] [%emt 00:00:40]}
Rb5 {[%clk 00:24:18] [%emt 00:00:18]} 48. Rb7+ {[%clk 00:16:10] [%emt 00:07:01]}
Ke6 {[%clk 00:24:04] [%emt 00:00:43]} 49. Kc2 {[%emt 00:03:01]} Rb4 {[%clk
00:18:00] [%emt 00:04:11]} 50. Kc3 {[%clk 00:12:28] [%emt 00:04:05]} Rb1 {[%clk
00:16:08] [%emt 00:02:22]} 51. Kc4 {[%clk 00:09:30] [%emt 00:03:28]} Rc1+ {[%clk
00:16:25] [%emt 00:00:13]} 52. Kd3 {[%clk 00:09:23] [%emt 00:00:37]} Rb1 {[%clk
00:15:23] [%emt 00:01:32]} 53. Kc4 {[%clk 00:05:53] [%emt 00:04:00]} Rc1+ {[%clk
00:15:48] [%emt 00:00:04]} 54. Kd3 {[%clk 00:06:21] [%emt 00:00:03]} Rb1 {[%clk
00:16:15] [%emt 00:00:04]} 55. Kc3 {[%clk 00:06:01] [%emt 00:00:50]} Kf6 {[%clk
00:12:14] [%emt 00:04:30]} 56. Rb8 {[%clk 00:03:31] [%emt 00:03:00]} Ke6 {[%clk
00:12:16] [%emt 00:00:29]} 57. Kc4 {[%clk 00:03:06] [%emt 00:00:54]} Kd6 {[%clk
00:12:28] [%emt 00:00:18]} 58. Rh8 {[%clk 00:02:06] [%emt 00:01:30]} f6 {[%clk
00:07:38] [%emt 00:05:20]} 59. Rf8 {[%clk 00:02:26] [%emt 00:00:09]} Ke7 {[%clk
00:06:59] [%emt 00:01:09]} 60. Rb8 {[%clk 00:02:52] [%emt 00:00:05]} Kd6 {[%clk
00:07:11] [%emt 00:00:18]} 61. Kd3 {[%clk 00:11:11] [%emt 00:07:10]} f5 {[%clk
00:16:47] [%emt 00:05:55]} 62. Ke3 {[%clk 00:05:31] [%emt 00:06:10]} Rb4 {[%clk
00:16:27] [%emt 00:00:50]} 63. Rh8 {[%clk 00:04:21] [%emt 00:01:40]} f4+ {[%clk
00:15:33] [%emt 00:01:24]} 64. gxf4 {[%clk 00:04:46] [%emt 00:00:05]} Ke6 {[%clk
00:15:36] [%emt 00:00:26]} 65. Rb8 {[%clk 00:03:32] [%emt 00:01:44]} Rb3+ {[%clk
00:09:08] [%emt 00:06:59]} 66. Kf2 {[%clk 00:03:37] [%emt 00:00:25]} Kd7 {[%clk
00:09:34] [%emt 00:00:04]} 67. f5 {[%clk 00:03:15] [%emt 00:00:51]} h4 {[%clk
00:04:17] [%emt 00:05:47]} 68. f6 {[%clk 00:03:30] [%emt 00:00:15]} Rb2+ {[%clk
00:04:44] [%emt 00:00:03]} 69. Kg1 {[%clk 00:03:32] [%emt 00:00:28]} Rb1+ {[%clk
00:04:01] [%emt 00:01:14]} 70. Kh2 {[%clk 00:03:57] [%emt 00:00:05]} 1-0

[Site "Europe Echecs"]

[Event "Grand Swiss "]
[Date "2025.09.15"]
[White "Shirov, Alexei"]
[Black "Van Foreest, Jorden"]
[WhiteElo "2616"]
[BlackElo "2692"]
[Round "11.11.14"]
[Result "1/2-1/2"]

1. e4 {[%clk 01:40:56] [%emt 00:00:03]} c6 {[%clk 01:40:47] [%emt 00:00:13]} 2.
d4 {[%clk 01:40:32] [%emt 00:00:54]} d5 {[%clk 01:41:02] [%emt 00:00:15]} 3. Nc3
{[%clk 01:40:56] [%emt 00:00:06]} dxe4 {[%clk 01:41:04] [%emt 00:00:28]} 4. Nxe4
{[%clk 01:41:21] [%emt 00:00:05]} Nf6 {[%clk 01:40:46] [%emt 00:00:48]} 5. Nxf6+
{[%clk 01:41:33] [%emt 00:00:19]} exf6 {[%clk 01:41:09] [%emt 00:00:06]} 6. c3
{[%clk 01:41:38] [%emt 00:00:25]} Bd6 {[%clk 01:40:05] [%emt 00:01:33]} 7. Bd3
{[%clk 01:42:00] [%emt 00:00:08]} O-O {[%clk 01:40:07] [%emt 00:00:29]} 8. Ne2
{[%clk 01:37:05] [%emt 00:05:26]} Re8 {[%clk 01:39:36] [%emt 00:01:00]} 9. O-O
{[%clk 01:30:53] [%emt 00:06:41]} Nd7 {[%clk 01:37:17] [%emt 00:02:49]} 10. Bf4
{[%clk 01:27:26] [%emt 00:03:57]} Nf8 {[%clk 01:37:11] [%emt 00:00:38]} 11. Bxd6
{[%clk 01:27:28] [%emt 00:00:28]} Qxd6 {[%clk 01:37:32] [%emt 00:00:08]} 12. Ng3
{[%clk 01:27:54] [%emt 00:00:03]} Be6 {[%clk 01:30:04] [%emt 00:07:59]} 13. Re1
{[%clk 01:20:54] [%emt 00:07:30]} Rad8 {[%clk 01:29:07] [%emt 00:01:27]} 14. Re3
{[%clk 01:19:51] [%emt 00:01:32]} Qc7 {[%clk 01:22:38] [%emt 00:07:00]} 15. Qc2
{[%clk 01:00:37] [%emt 00:19:44]} g6 {[%clk 01:17:26] [%emt 00:05:41]} 16. Ne4
{[%clk 00:59:43] [%emt 00:01:24]} Kg7 {[%clk 01:16:54] [%emt 00:01:02]} 17. Rae1
{[%clk 00:55:03] [%emt 00:05:10]} b6 {[%clk 01:15:18] [%emt 00:02:06]} 18. Nd2
{[%clk 00:46:32] [%emt 00:09:00]} Rd7 {[%clk 01:11:59] [%emt 00:03:49]} 19. Bc4
{[%clk 00:44:09] [%emt 00:02:53]} Red8 {[%clk 01:10:48] [%emt 00:01:40]} 20.
Bxe6 {[%clk 00:44:10] [%emt 00:00:29]} Nxe6 {[%clk 01:10:38] [%emt 00:00:40]}
21. Nf3 {[%clk 00:43:54] [%emt 00:00:46]} c5 {[%clk 01:10:16] [%emt 00:00:53]}
22. dxc5 {[%clk 00:44:09] [%emt 00:00:15]} Qxc5 {[%clk 01:08:11] [%emt
00:02:34]} 23. g3 {[%clk 00:21:01] [%emt 00:23:38]} Qc4 {[%clk 00:57:33] [%emt
00:11:08]} 24. b3 {[%clk 00:19:06] [%emt 00:02:25]} Qg4 {[%clk 00:54:45] [%emt
00:03:17]} 25. Qe4 {[%clk 00:19:13] [%emt 00:00:23]} h5 {[%clk 00:54:47] [%emt
00:00:29]} 26. Kg2 {[%clk 00:16:08] [%emt 00:03:35]} Rd3 {[%clk 00:45:48] [%emt
00:09:29]} 27. Qxg4 {[%clk 00:12:53] [%emt 00:03:45]} hxg4 {[%clk 00:46:00]
[%emt 00:00:17]} 28. Nd4 {[%clk 00:13:15] [%emt 00:00:08]} Rxe3 {[%clk 00:46:25]
[%emt 00:00:06]} 29. fxe3 {[%clk 00:12:49] [%emt 00:00:55]} Ng5 {[%clk 00:43:38]
[%emt 00:03:16]} 30. c4 {[%clk 00:12:41] [%emt 00:00:38]} a5 {[%clk 00:43:38]
[%emt 00:00:31]} 31. a3 {[%clk 00:11:57] [%emt 00:01:14]} f5 {[%clk 00:40:31]
[%emt 00:03:37]} 32. Rc1 {[%clk 00:09:54] [%emt 00:02:31]} Rc8 {[%clk 00:37:36]
[%emt 00:03:27]} 33. b4 {[%clk 00:07:57] [%emt 00:02:26]} axb4 {[%clk 00:36:27]
[%emt 00:01:39]} 34. axb4 {[%clk 00:08:25] [%emt 00:00:03]} Ne4 {[%clk 00:36:11]
[%emt 00:00:45]} 35. Rc2 {[%clk 00:04:29] [%emt 00:04:25]} Kf6 {[%clk 00:36:10]
[%emt 00:00:32]} 36. Nb3 {[%clk 00:03:43] [%emt 00:01:16]} Ke5 {[%clk 00:33:17]
[%emt 00:03:23]} 37. c5 {[%clk 00:03:42] [%emt 00:00:31]} bxc5 {[%clk 00:32:27]
[%emt 00:01:21]} 38. Nxc5 {[%clk 00:03:08] [%emt 00:01:03]} Kd5 {[%clk 00:32:15]
[%emt 00:00:42]} 39. h3 {[%clk 00:01:24] [%emt 00:02:14]} gxh3+ {[%clk 00:08:46]
[%emt 00:23:59]} 40. Kxh3 {[%clk 00:01:50] [%emt 00:00:04]} Nxc5 {[%clk
00:04:14] [%emt 00:05:03]} 41. Kg2 {[%clk 00:47:12] [%emt 00:05:06]} Rc7 {[%clk
00:54:41] [%emt 00:00:04]} 42. bxc5 {[%clk 00:47:28] [%emt 00:00:14]} Rxc5
{[%clk 00:55:06] [%emt 00:00:05]} 43. Rd2+ {[%clk 00:38:42] [%emt 00:09:15]} Ke4
{[%clk 00:55:18] [%emt 00:00:19]} 44. Kf2 {[%clk 00:39:06] [%emt 00:00:05]} Rc4
{[%clk 00:55:08] [%emt 00:00:40]} 45. Ke2 {[%clk 00:38:09] [%emt 00:01:26]} Rc3
{[%clk 00:54:20] [%emt 00:01:18]} 46. Rd4+ {[%clk 00:37:34] [%emt 00:01:04]} Ke5
{[%clk 00:54:43] [%emt 00:00:08]} 47. Rd2 {[%clk 00:36:23] [%emt 00:01:41]} Rc1
{[%clk 00:52:08] [%emt 00:03:05]} 48. Ra2 {[%clk 00:35:00] [%emt 00:01:53]} Rh1
{[%clk 00:52:13] [%emt 00:00:25]} 49. Kf3 {[%clk 00:35:12] [%emt 00:00:17]} Kf6
{[%clk 00:52:14] [%emt 00:00:31]} 50. Ra6+ {[%clk 00:34:42] [%emt 00:01:00]} Kg5
{[%clk 00:52:37] [%emt 00:00:06]} 51. Ra7 {[%clk 00:34:49] [%emt 00:00:24]} f6
{[%clk 00:52:59] [%emt 00:00:08]} 52. Rf7 {[%clk 00:34:21] [%emt 00:00:57]} Rh8
{[%clk 00:52:59] [%emt 00:00:30]} 53. Ra7 {[%clk 00:33:52] [%emt 00:00:59]} Rh1
{[%clk 00:53:15] [%emt 00:00:13]} 54. Rf7 {[%clk 00:34:15] [%emt 00:00:07]} Ra1
{[%clk 00:53:39] [%emt 00:00:06]} 55. Rh7 {[%clk 00:34:30] [%emt 00:00:15]} Rf1+
{[%clk 00:54:02] [%emt 00:00:08]} 1/2-1/2

[Site "Europe Echecs"]

[Event "Grand Swiss "]
[Date "2025.09.15"]
[White "Theodorou, Nikolas"]
[Black "Praggnanandhaa R"]
[WhiteElo "2646"]
[BlackElo "2785"]
[Round "11.11.15"]
[Result "1/2-1/2"]

1. d4 {[%clk 01:40:56] [%emt 00:00:03]} Nf6 {[%clk 01:40:21] [%emt 00:00:39]} 2.
c4 {[%clk 01:41:20] [%emt 00:00:07]} e6 {[%clk 01:40:47] [%emt 00:00:03]} 3. Nc3
{[%clk 01:41:27] [%emt 00:00:23]} Bb4 {[%clk 01:41:10] [%emt 00:00:06]} 4. e3
{[%clk 01:41:43] [%emt 00:00:15]} O-O {[%clk 01:41:21] [%emt 00:00:18]} 5. Bd3
{[%clk 01:41:55] [%emt 00:00:19]} d5 {[%clk 01:41:40] [%emt 00:00:10]} 6. Nf3
{[%clk 01:41:52] [%emt 00:00:33]} dxc4 {[%clk 01:41:18] [%emt 00:00:53]} 7. Bxc4
{[%clk 01:42:19] [%emt 00:00:03]} b6 {[%clk 01:41:37] [%emt 00:00:11]} 8. O-O
{[%clk 01:42:41] [%emt 00:00:09]} Bb7 {[%clk 01:41:59] [%emt 00:00:07]} 9. Qe2
{[%clk 01:42:24] [%emt 00:00:47]} Nbd7 {[%clk 01:42:11] [%emt 00:00:18]} 10. a3
{[%clk 01:42:31] [%emt 00:00:24]} Bd6 {[%clk 01:39:29] [%emt 00:03:12]} 11. e4
{[%clk 01:26:11] [%emt 00:16:50]} c5 {[%clk 01:38:09] [%emt 00:01:50]} 12. dxc5
{[%clk 01:18:41] [%emt 00:08:01]} bxc5 {[%clk 01:37:26] [%emt 00:01:12]} 13. Ba6
{[%clk 01:18:14] [%emt 00:00:58]} Bxa6 {[%clk 01:29:28] [%emt 00:08:28]} 14.
Qxa6 {[%clk 01:18:40] [%emt 00:00:03]} Qb8 {[%clk 01:25:52] [%emt 00:04:07]} 15.
Rd1 {[%clk 01:01:00] [%emt 00:18:10]} Bc7 {[%clk 01:24:46] [%emt 00:01:36]} 16.
Nb5 {[%clk 00:59:48] [%emt 00:01:42]} Bb6 {[%clk 01:15:15] [%emt 00:10:01]} 17.
Nd6 {[%clk 00:37:10] [%emt 00:23:08]} c4 {[%clk 01:12:34] [%emt 00:03:11]} 18.
h3 {[%clk 00:37:38] [%emt 00:00:02]} Bc5 {[%clk 00:43:17] [%emt 00:29:47]} 19.
e5 {[%clk 00:37:42] [%emt 00:00:26]} Nd5 {[%clk 00:42:33] [%emt 00:01:13]} 20.
Qxc4 {[%clk 00:27:41] [%emt 00:10:32]} Qc7 {[%clk 00:34:37] [%emt 00:08:27]} 21.
b3 {[%clk 00:28:06] [%emt 00:00:05]} Nxe5 {[%clk 00:32:42] [%emt 00:02:25]} 22.
Nxe5 {[%clk 00:28:29] [%emt 00:00:06]} Bxd6 {[%clk 00:28:03] [%emt 00:05:10]}
23. Qxc7 {[%clk 00:28:45] [%emt 00:00:14]} Bxc7 {[%clk 00:28:25] [%emt
00:00:09]} 24. Nc6 {[%clk 00:27:31] [%emt 00:01:43]} Rfc8 {[%clk 00:24:57] [%emt
00:03:58]} 25. Rxd5 {[%clk 00:21:29] [%emt 00:06:32]} exd5 {[%clk 00:25:21]
[%emt 00:00:06]} 26. Ne7+ {[%clk 00:21:56] [%emt 00:00:04]} Kf8 {[%clk 00:25:46]
[%emt 00:00:05]} 27. Nxc8 {[%clk 00:22:22] [%emt 00:00:04]} Be5 {[%clk 00:23:32]
[%emt 00:02:44]} 28. Rb1 {[%clk 00:22:04] [%emt 00:00:48]} Rxc8 {[%clk 00:23:57]
[%emt 00:00:04]} 29. Bd2 {[%clk 00:20:53] [%emt 00:01:40]} Rc2 {[%clk 00:14:28]
[%emt 00:09:59]} 30. Bb4+ {[%clk 00:20:47] [%emt 00:00:37]} Kg8 {[%clk 00:14:52]
[%emt 00:00:06]} 31. Rd1 {[%clk 00:19:02] [%emt 00:02:14]} d4 {[%clk 00:13:33]
[%emt 00:01:49]} 32. Kf1 {[%clk 00:19:11] [%emt 00:00:21]} f6 {[%clk 00:12:40]
[%emt 00:01:24]} 33. Rd2 {[%clk 00:17:47] [%emt 00:01:54]} 1/2-1/2

[Site "Europe Echecs"]

[Event "Grand Swiss "]
[Date "2025.09.15"]
[White "Rodshtein, Maxim"]
[Black "Harikrishna, Pentala"]
[WhiteElo "2645"]
[BlackElo "2704"]
[Round "11.11.16"]
[Result "0-1"]

1. c4 {[%clk 01:40:55] [%emt 00:00:04]} c6 {[%clk 01:40:35] [%emt 00:00:26]} 2.
Nf3 {[%clk 01:40:21] [%emt 00:01:03]} d5 {[%clk 01:40:47] [%emt 00:00:18]} 3. g3
{[%clk 01:39:32] [%emt 00:01:20]} Nf6 {[%clk 01:39:07] [%emt 00:02:10]} 4. Bg2
{[%clk 01:39:46] [%emt 00:00:15]} Bf5 {[%clk 01:38:20] [%emt 00:01:18]} 5. Qb3
{[%clk 01:35:12] [%emt 00:05:04]} Qb6 {[%clk 01:38:04] [%emt 00:00:46]} 6. d3
{[%clk 01:34:56] [%emt 00:00:47]} e6 {[%clk 01:37:22] [%emt 00:01:11]} 7. O-O
{[%clk 01:34:43] [%emt 00:00:43]} Nbd7 {[%clk 01:36:33] [%emt 00:01:19]} 8. cxd5
{[%clk 01:34:46] [%emt 00:00:27]} exd5 {[%clk 01:36:35] [%emt 00:00:28]} 9. Qc2
{[%clk 01:34:52] [%emt 00:00:24]} Be7 {[%clk 01:36:10] [%emt 00:00:54]} 10. Nc3
{[%clk 01:34:35] [%emt 00:00:46]} O-O {[%clk 01:33:51] [%emt 00:02:48]} 11. e4
{[%clk 01:32:19] [%emt 00:02:47]} dxe4 {[%clk 01:26:40] [%emt 00:07:41]} 12.
dxe4 {[%clk 01:32:43] [%emt 00:00:06]} Bg6 {[%clk 01:26:39] [%emt 00:00:30]} 13.
Be3 {[%clk 01:23:11] [%emt 00:10:04]} Qa6 {[%clk 01:25:08] [%emt 00:02:01]} 14.
Rad1 {[%clk 01:11:49] [%emt 00:11:51]} Rad8 {[%clk 01:18:46] [%emt 00:06:52]}
15. h3 {[%clk 01:05:04] [%emt 00:07:16]} h6 {[%clk 01:14:25] [%emt 00:04:51]}
16. Rfe1 {[%clk 00:47:57] [%emt 00:17:38]} Nd5 {[%clk 00:59:32] [%emt 00:15:23]}
17. Nxd5 {[%clk 00:42:57] [%emt 00:05:30]} cxd5 {[%clk 00:59:48] [%emt
00:00:13]} 18. Rxd5 {[%clk 00:42:27] [%emt 00:01:00]} Qe6 {[%clk 00:51:49] [%emt
00:08:28]} 19. Rd4 {[%clk 00:33:10] [%emt 00:09:47]} Rc8 {[%clk 00:40:40] [%emt
00:11:39]} 20. Qb3 {[%clk 00:25:29] [%emt 00:08:11]} Qxb3 {[%clk 00:36:16] [%emt
00:04:54]} 21. axb3 {[%clk 00:25:53] [%emt 00:00:06]} Nc5 {[%clk 00:36:26] [%emt
00:00:20]} 22. Ne5 {[%clk 00:18:23] [%emt 00:08:00]} Bh7 {[%clk 00:35:24] [%emt
00:01:32]} 23. Nd7 {[%clk 00:16:03] [%emt 00:02:51]} Rfe8 {[%clk 00:32:04] [%emt
00:03:50]} 24. Nxc5 {[%clk 00:13:49] [%emt 00:02:45]} Bxc5 {[%clk 00:29:55]
[%emt 00:02:39]} 25. Rd7 {[%clk 00:14:10] [%emt 00:00:08]} Bxe3 {[%clk 00:30:06]
[%emt 00:00:19]} 26. Rxe3 {[%clk 00:14:34] [%emt 00:00:06]} Rc1+ {[%clk
00:30:28] [%emt 00:00:08]} 27. Bf1 {[%clk 00:13:51] [%emt 00:01:13]} g5 {[%clk
00:21:56] [%emt 00:09:02]} 28. f3 {[%clk 00:13:35] [%emt 00:00:46]} Bf5 {[%clk
00:21:59] [%emt 00:00:28]} 0-1

[Site "Europe Echecs"]

[Event "Grand Swiss "]
[Date "2025.09.15"]
[White "Maghsoodloo, Parham"]
[Black "Aditya Mittal"]
[WhiteElo "2692"]
[BlackElo "2589"]
[Round "11.11.17"]
[Result "1/2-1/2"]

1. c4 {[%clk 01:40:58] [%emt 00:00:01]} e6 {[%clk 01:40:59] [%emt 00:00:02]} 2.
Nc3 {[%clk 01:41:17] [%emt 00:00:10]} d5 {[%clk 01:41:28] [%emt 00:00:02]} 3. d4
{[%clk 01:41:33] [%emt 00:00:13]} c5 {[%clk 01:41:56] [%emt 00:00:03]} 4. cxd5
{[%clk 01:41:52] [%emt 00:00:11]} cxd4 {[%clk 01:42:24] [%emt 00:00:02]} 5. Qa4+
{[%clk 01:39:30] [%emt 00:02:51]} Bd7 {[%clk 01:42:53] [%emt 00:00:02]} 6. Qxd4
{[%clk 01:39:52] [%emt 00:00:09]} exd5 {[%clk 01:43:21] [%emt 00:00:02]} 7. Qxd5
{[%clk 01:40:06] [%emt 00:00:16]} Nf6 {[%clk 01:43:49] [%emt 00:00:02]} 8. Qd1
{[%clk 01:39:35] [%emt 00:01:01]} Bc5 {[%clk 01:44:17] [%emt 00:00:02]} 9. Nf3
{[%clk 01:38:48] [%emt 00:01:17]} O-O {[%clk 01:44:44] [%emt 00:00:03]} 10. e3
{[%clk 01:38:41] [%emt 00:00:36]} Nc6 {[%clk 01:45:13] [%emt 00:00:02]} 11. Be2
{[%clk 01:38:19] [%emt 00:00:52]} Qe7 {[%clk 01:45:42] [%emt 00:00:02]} 12. O-O
{[%clk 01:35:58] [%emt 00:02:50]} Rfd8 {[%clk 01:46:10] [%emt 00:00:02]} 13. Qc2
{[%clk 01:24:56] [%emt 00:11:32]} Nb4 {[%clk 01:45:42] [%emt 00:00:59]} 14. Qb1
{[%clk 01:24:41] [%emt 00:00:45]} Bc6 {[%clk 01:41:28] [%emt 00:04:45]} 15. a3
{[%clk 01:24:02] [%emt 00:01:09]} Nbd5 {[%clk 01:38:44] [%emt 00:03:13]} 16.
Nxd5 {[%clk 01:23:47] [%emt 00:00:45]} Bxd5 {[%clk 01:32:36] [%emt 00:06:39]}
17. b4 {[%clk 01:15:56] [%emt 00:08:20]} Bd6 {[%clk 01:30:51] [%emt 00:02:16]}
18. Qf5 {[%clk 00:56:06] [%emt 00:20:19]} Be4 {[%clk 01:19:58] [%emt 00:11:23]}
19. Qg5 {[%clk 00:55:40] [%emt 00:00:56]} h6 {[%clk 01:15:31] [%emt 00:04:57]}
20. Qh4 {[%clk 00:56:00] [%emt 00:00:10]} Be5 {[%clk 01:11:25] [%emt 00:04:36]}
21. Ra2 {[%clk 00:56:28] [%emt 00:00:02]} Qe6 {[%clk 00:58:41] [%emt 00:13:13]}
22. Rd2 {[%clk 00:50:48] [%emt 00:06:09]} Bc3 {[%clk 00:59:10] [%emt 00:00:02]}
23. Rxd8+ {[%clk 00:49:33] [%emt 00:01:45]} Rxd8 {[%clk 00:59:33] [%emt
00:00:06]} 24. Qg3 {[%clk 00:48:19] [%emt 00:01:44]} Nh5 {[%clk 00:45:56] [%emt
00:14:08]} 25. Qh4 {[%clk 00:42:26] [%emt 00:06:21]} Nf6 {[%clk 00:46:24] [%emt
00:00:03]} 26. Qg3 {[%clk 00:42:21] [%emt 00:00:34]} Nh5 {[%clk 00:45:36] [%emt
00:01:19]} 27. Qh4 {[%clk 00:42:01] [%emt 00:00:50]} Nf6 {[%emt 00:01:34]}
1/2-1/2

[Site "Europe Echecs"]